Culture Générale - Série 946 - Statistiques

Statistiques générales
  • Ce quiz a été pris 113 fois
  • Le résultat moyen est 6 sur 10
Statistiques - réponses
Question Réponse % Correct
A quel mois de l'année ajoute-t-on un jour, dans une année bissextile ? février
100%
Dans une chanson de Claude François, dans quel port des sirènes "chantent encore la même mélodie" ? Alexandrie
93%
Quel était le prénom du tsar du XVIe siècle surnommé "le Terrible" ? Ivan
91%
Dans une expression familière, quelles plantes mange-t-on par la racine quand on est mort et enterré ? pissenlits
79%
A partir de 1892, Claude Monet a peint 28 vues de la cathédrale de ... Rouen
53%
Quel est l'instrument de prédilection du musicien Maurice André ? trompette
48%
Quelle maladie virale a décimé la population des lapins, en France, à partir de 1953 ? myxomatose
46%
Quelle est la nationalité de Karen Blixen, l'auteur du recueil de souvenirs “La Ferme africaine” ? Danoise
27%
Quel ténor français rend hommage à ses origines siciliennes, dans son un album intitulé : "Sicilien" ? Roberto Alagna
23%
Quel est le prénom du petit garçon qui se lie d'amitié avec “E.T. l'extraterrestre” ? Elliot
22%
Aucun quiz correspondant
Distribution des résultats
% des personnes avec chaque résultat
Percentile par nombre de réponses
Votre historique - résultats
Vous n’avez pas pris ce quiz